Nekfeu - Carrière - Statistiques

Statistiques générales
  • Ce quiz a été pris 44 fois
  • Le résultat moyen est 38 sur 169
Statistiques - réponses
Hint Réponse % Correct
11 On verra
78%
32 On verra - Instrumental
78%
10 Galatée
72%
4 Nique les clones, Pt.II
67%
29 Nique les clones, Pt. II - Instrumental
67%
7 Egérie
61%
30 Egérie - Instrumental
61%
1 Humanoïde
61%
15 Princesse (feat. Nemir)
61%
12 Elle pleut (feat. Nemir)
56%
1 Martin Eden
56%
28 Martin Eden - Instrumental
56%
16 Risibles amours
56%
1 Les étoiles vagabondes
50%
12 Ma dope (feat. S.Pri Noir)
50%
33 Ma dope - Instrumental
50%
2 Mauvaise graine
50%
2 Mon ame (feat. Sneazzy)
50%
20 Plume
50%
6 Tempête
50%
13 Dans l'univers (feat. Vanessa Paradis)
44%
13 Jeux d'ombres (feat. Amber-Simone & Doums)
44%
3 Le horla
44%
27 Le horla - Instrumental
44%
8 Reuf (feat. Ed Sheeran)
44%
31 Reuf - Instrumental
44%
2016 Reuf - Version Five
44%
16 Tricheur (feat. Damso)
44%
19 7:77 am (feat. 86 Joon)
39%
34 7:77 am - Instrumental
39%
2 Alunissons
39%
5 Avant tu riais (feat. Clara Luciani)
39%
32 Chanson d'amour
39%
7 Ecrire
39%
6 Esquimaux (feat. Népal)
39%
10 Laisse aller
39%
9 La moue des morts (feat. S-Crew)
39%
7 O.D (feat. Murkage Dave)
39%
5 Rêve d'avoir des rêves
39%
3 Squa
39%
5 Takotsubo
39%
8 Vinyle (feat. Alpha Wann)
39%
17 Voyage léger
39%
34 A la base
33%
24 CDGLAXJFKHNDATH (feat. 2zer & Mekra)
33%
3 Cheum
33%
14 Elle en avait envie
33%
18 Etre humain (feat. Amber-Simone)
33%
22 Jeux vidéos et débats
33%
23 Ken Kaneki
33%
21 Koala mouillé
33%
6 Menteur menteur
33%
14 Nekketsu (feat. Crystal Kay)
33%
31 Nouvel homme
33%
17 Point d'interrogation (feat. Alpha Wann)
33%
12 Programmé
33%
25 Rouge à lèvres (feat. BJ The Chicago Kid)
33%
9 Saturne (feat. Sneazzy & S.Pri Noir)
33%
13 Besoin de sens (feat. FRAMAL & Jazzy Bazz)
28%
8 Ciel noir
28%
19 Compte les hommes (feat. Alpha Wann)
28%
30 De mes cendres
28%
15 Dernier soupir
28%
18 Interlude Fifty
28%
21 La ballade du Frémont (feat. Doums)
28%
24 Le bruit de ma ville (feat. Phénomène Bizness)
28%
2016 Les princes (feat. Mallaury & MZ)
28%
26 Mal aimé
28%
25 Pars avec moi (feat. 1995)
28%
29 Pixels (feat. Cyrstal Kay)
28%
14 Premier pas
28%
4 Réalité augmentée
28%
26 Sous les nuages
28%
28 Όλά καλά
22%
2017 De l'autre côté (feat. Ninho)
22%
10 De mon mieux
22%
23 Deux-Trois (feat. 1995)
22%
27 Energie sombre
22%
2024 La Cour des Miracles (feat. S.Pri Noir)
22%
11 Le bruit qui court
22%
11 Le regard des gens (feat. 2zer, Doums, Mekra & Nemir)
22%
4 Natsukashii
22%
20 Oui et non
22%
22 Question d'honneur (feat. S-Crew)
22%
33 1er rôle
17%
2020 aaa (feat. Alpha Wann)
17%
2019 Ce soir (feat. Doums & Nae)
17%
2022 Élément 115 (feat. Jazzy Bazz)
17%
2018 Éternité (feat. Jazzy Bazz)
17%
9 L'air du temps (feat. Doums & FRAMAL)
17%
2020 malevil
17%
2022 QUOTIDIEN (feat. Eff Gee & Doums) [Saboteur]
17%
2020 san andreas (feat. Lesram)
17%
2024 Shaggy (feat. Zed)
17%
2016 Skurt Cobain (feat. Sneazzy)
17%
2021 SPECIAL (feat. Fousheé & Laylow)
17%
2014 Time B.O.M.B.
17%
2019 Waow (feat. PLK)
17%
2020 ZÉRO DÉTAIL (feat. Sneazzy)
17%
2016 (remix) Altitude (feat. Mac Tyer & Nakk Mendosa)
11%
2022 Bussdown (feat. AMK)
11%
2018 Juste pour voir (feat. S.Pri Noir)
11%
2022 Nek O (feat. S-Crew)
11%
2022 Paradis Artificiel (feat. Gros Mo)
11%
2014 Sing (feat. Ed Sheeran)
11%
2015 T'endors pas (feat. Aladin 135)
11%
2015 (remix) Titi parisien (feat. Oxmo Puccino & Seth Gueko)
11%
2017 Tu rêves (feat. Deen Burbigo)
11%
2017 Zone (feat. Dizzee Rascal & Orelsan)
11%
2014 15 flows (feat. Alpha Wann, Deen Burbigo, disiz, Espiiem, Eveil Sango, Jazzy Bazz, Gringe, Jazz, Kema, Kenyon, L'Etrange, Linkhan, Orelsan & Yan's)
6%
2020 3095 pt2 (feat. 3010 & Alpha Wann)
6%
2022 3.14 VILLE (feat. Eff Gee, Deen Burbigo & Jazzy Bazz) [Saboteur]
6%
2016 À deux pas (feat. Alpha Wann)
6%
2021 AGENT ORANGE (feat. Deen Burbigo)
6%
2016 Après moi le déluge (feat. Fixpen Sill)
6%
2019 Bapteme de l'air (feat. Guizmo)
6%
2015 Bibliothèque (feat. Eff Gee)
6%
2021 C'EST QUOI L'DEL (feat. GIMS)
6%
2015 Donne-moi ta main (feat. Gradur)
6%
2019 DPLT (feat. Nemir)
6%
2020 En face (feat. Népal)
6%
2016 Faut qu'je tienne (feat. DJ Djaz & Kohndo)
6%
2017 Joint de culotte
6%
2013 Le Singe Fume Sa Cigarette (feat. Alpha Wann, Caballero, JeanJass, Keroué, Senamo, Seven, Walter & Ysha)
6%
2013 Marche (feat. Akhenaton, disiz, Dry, Kool Shen, Lino, Nessbeal, Sadek, Sneazzy, Soprano, S.Pri Noir, Still Fresh & Taïro)
6%
2020 Moins un (feat. Dinos)
6%
2021 On y est (feat. Doums)
6%
2020 Paire d'As (feat. Dadju)
6%
2016 Paris la nuit (feat. Rim'K)
6%
2012 Perfect Match (feat. Alpha Wann, Jazzy Bazz & L'Étrange)
6%
2016 Putain d'époque (feat. Dosseh)
6%
2013 Steady Boy (feat. Elisa JO)
6%
2012 Après l'orage (feat. Oligarshiiit)
0%
2013 Bouchées triples (feat. Dinos)
0%
2016 C'est pas moi c'est l'autre (feat. HUGO DELIRE, Ol'Kameez, Skyle & Walter)
0%
2015 CFA (feat. S.Pri Noir)
0%
2015 Christian E. (feat. Alkpote, Alpha Wann, Effe Gee, Greg Frite, Infini't, Jeune Zmaël, Millionnaire & Mr Agaz)
0%
2015 Corde raide (feat. Alpha Wann, Axis, Cyanure, Futur Proche, Pand'or & Sear Lui-Même)
0%
2011 (remix) Crazy Vibes (feat. Guizmo & Selah Sue)
0%
2015 Crop Circle (feat. Les X-Men)
0%
2015 Déjaunérescence (feat. Alpha Wann, Df Sounds, Doums, Melox & Oris)
0%
2011 Doux (feat. A2h)
0%
2015 Écoutes (feat. Ads, Gaïden, Kaot'F & Sear Lui-Même)
0%
2019 Enfant de la patrie (feat. Guizmo)
0%
2017 Esprit Tranquille (feat. DJ Bubs & ODT)
0%
2020 ÉTINCELLES (feat. Alpha Wann, Sneazzy & S.Pri Noir)
0%
2011 Fais péter la funk (feat. Airdeuzoka, Alpha Wann, Igor L'Étrange & Wacko)
0%
2011 Fidèles au poste (feat. Alpha Wann, Ikar, Keroué, Lemdi, Nino Ice, Skyle & Waltmann)
0%
2021 Jeune d'en bas (feat. DA Uzi)
0%
2011 La science des astres (feat. Alpha Wann & Waltmann)
0%
2019 La tête dans la baignoire (feat. Al'Tarba & Swift Guad)
0%
2023 La tête dans la baignoire (feat. Swift Guad)
0%
2011 L'entourage (feat. 2zer, Deen Burbio & Guizmo)
0%
2014 Les portes du pénitencier (feat. Alonzo, Nemir & Soprano) [Shtar Academy]
0%
2012 L'heure de l'orage (feat. Alpha Wann & Eff Gee)
0%
2014 Ma b**te et ma voix (feat. Demi Portion, Dico, Doc Brown, Ethor Skull, Georgio, Liqid, Lucio Bukowski, Missak & Vald)
0%
2012 Ma iv (feat. Alpha Wann, Deen Burbigo & Jazzy Bazz)
0%
2014 Manifesto (feat. Murkage)
0%
2015 One More Chance (feat. When We Were Young)
0%
2016 (remix) Ouais mec (feat. Alpha Wann & Sneazzy)
0%
2012 Peu me suffirait (feat. Alpha Wann & Djunz)
0%
2014 Poudrière (feat. Alpha Wann & Ol'Kameez)
0%
2013 Question de point de vue (feat. Tadé MC)
0%
2011 Sales babtous d'négros (feat. Alpha Wann & Guizmo)
0%
2013 Shake it (feat. Yoshi Di Original)
0%
2022 South London (feat. Doums)
0%
2018 Stalker (feat. Bonnie Banane & Jazzy Bazz)
0%
2020 Turn Up (feat. Kalash Criminel)
0%
2014 Twerk (feat. Greg Frite)
0%
Aucun quiz correspondant
Distribution des résultats
% des personnes avec chaque résultat
Percentile par nombre de réponses
Votre historique - résultats
Vous n’avez pas pris ce quiz